banner-ar

مشكلة النشاط الزائد وتشتت الانتباه لدى الاطفال / (Record no. 62440)

MARC details
000 -الفاتح
حقل البيانات ثابتة الطول 00852nam a2200229 4500
005 - وقت وتاريخ اخر تعامل مع التسجيلة
رقم الضبط 20240530110550.0
008 - عناصر البيانات ثابتة الطول - معلومات عامة
حقل البيانات ثابتة الطول 160625s2014 ua ||||| |||| 00| 0 ara d
017 ## - رقم الايداع القانونى
رقم الايداع القانونى 2013/10519
المصدر ( الهيئة المختصة) مصر. دار الكتب المصرية
020 ## - الرقم الدولى المعيارى للكتب
الرقم الدولى المعيارى للكتاب 9772329182
040 ## - مصدر الفهرسة
وكالة الفهرسة الأصلية EG-CaGPL
082 04 - رقم تصنيف ديوى العشرى
رقم التصنيف 155.4/
رقم المادة س م
رقم الطبعة 21
100 0# - المدخل الرئيسى - إسم شخصى
الإسم الشخصى سناء محمد سليمان
245 10 - بيان العنوان
العنوان مشكلة النشاط الزائد وتشتت الانتباه لدى الاطفال /
بيان المسئوليه,etc اعداد سناء محمد سليمان.
250 ## - بيان الطبعة
بيان الطبعة ط. 1.
260 ## - PUBLICATION, DISTRIBUTION, ETC. (IMPRINT)
تاريخ النشر أو التوزيع 2014.
300 ## - الوصف المادى
التعداد 158 ص. ؛
أبعاد الوعاء 20 سم.
490 0# - بيان السلسلة
عنوان السلسلة سلسلة ثقافة سيكولوجية للجميع ؛
رقم المجلد/ التعيين التسلسلي 34
650 04 - المدخل الاضافى بالموضوع-مصطلح موضوعى
مصطلح موضوعي الاطفال
التقسيم الفرعي العام علم نفس
650 04 - المدخل الاضافى بالموضوع-مصطلح موضوعى
مصطلح موضوعي الاطفال
التقسيم الفرعي العام نمو
942 ## - عناصر المدخل الإضافي( كوها)
مصدر التصنيف او مخطط الترفيف Dewey Decimal Classification
Koha [default] item type كتاب
260 ## - PUBLICATION, DISTRIBUTION, ETC. (IMPRINT)
-- القاهرة :
-- عالم الكتب،
Holdings
حالة التراجع حالة الفقد حالة تلف ليس للاعارة المكان المؤقت الموقع الحالى تاريخ الاكتساب اجمالي اﻻعارات رقم الطلب الباركود تاريخ اخر مشاهدة تاريخ تفعيل السعر نوع وعاء كوها
        مكتبة القاهرة الكبرى مكتبة القاهرة الكبرى 06/25/2016   155.4/ س م 162169 06/25/2016 06/25/2016 كتاب

Powered By

EGPV